<?xml version="1.0" encoding="UTF-8"?>
<collection xmlns="http://www.loc.gov/MARC21/slim">
 <record>
  <leader>21771nas a22022811  4500</leader>
  <controlfield tag="001">1/50162</controlfield>
  <controlfield tag="008">020122c19229999maumx1p       0   a0eng d</controlfield>
  <datafield tag="022" ind1=" " ind2=" ">
   <subfield code="a">0017-8012</subfield>
  </datafield>
  <datafield tag="035" ind1=" " ind2=" ">
   <subfield code="l">22976</subfield>
  </datafield>
  <datafield tag="040" ind1=" " ind2=" ">
   <subfield code="a">DLC</subfield>
   <subfield code="b">GR-PeUP</subfield>
  </datafield>
  <datafield tag="090" ind1=" " ind2=" ">
   <subfield code="a">Αλφαβητική σειρά</subfield>
  </datafield>
  <datafield tag="245" ind1="0" ind2="0">
   <subfield code="a">Harvard business review</subfield>
  </datafield>
  <datafield tag="260" ind1=" " ind2=" ">
   <subfield code="a">Boston :</subfield>
   <subfield code="b">Graduate School of Business Administration, Harvard University,</subfield>
   <subfield code="c">1922-</subfield>
  </datafield>
  <datafield tag="300" ind1=" " ind2=" ">
   <subfield code="a">v. :</subfield>
   <subfield code="b">ill. ;</subfield>
   <subfield code="c">29 cm.</subfield>
  </datafield>
  <datafield tag="310" ind1=" " ind2=" ">
   <subfield code="a">Bimonthly</subfield>
  </datafield>
  <datafield tag="362" ind1="0" ind2=" ">
   <subfield code="a">Vol.48, no.3(May/June 1970)-v.51, no.6(Nov./Dec. 1973)</subfield>
  </datafield>
  <datafield tag="362" ind1="0" ind2=" ">
   <subfield code="a">Vol.54, no.2(March/April 1976)-v.63, no.6(Nov./Dec. 1985)</subfield>
  </datafield>
  <datafield tag="362" ind1="0" ind2=" ">
   <subfield code="a">Vol.67, no.1(Jan./Feb. 1989)-v.78, no.2(March/April 1985)</subfield>
  </datafield>
  <datafield tag="362" ind1="0" ind2=" ">
   <subfield code="a">Vol.80, no.1(Jan. 2002)-v.80, no.12(Dec. 2002)</subfield>
  </datafield>
  <datafield tag="500" ind1=" " ind2=" ">
   <subfield code="a">English</subfield>
  </datafield>
  <datafield tag="650" ind1=" " ind2="4">
   <subfield code="a">Business</subfield>
   <subfield code="v">Periodicals.</subfield>
  </datafield>
  <datafield tag="650" ind1=" " ind2="4">
   <subfield code="a">Economic history</subfield>
   <subfield code="v">Periodicals.</subfield>
  </datafield>
  <datafield tag="852" ind1=" " ind2=" ">
   <subfield code="a">INST</subfield>
   <subfield code="b">UNIPILB</subfield>
   <subfield code="c">SERIALS</subfield>
   <subfield code="e">20041105</subfield>
   <subfield code="h">Αλφαβητική σειρά</subfield>
   <subfield code="p">37421</subfield>
   <subfield code="q">37421</subfield>
   <subfield code="t">NOLOAN</subfield>
   <subfield code="v">vol.81;no.1:(Μήνας)January;(Έτος)2003</subfield>
   <subfield code="y">23</subfield>
  </datafield>
  <datafield tag="852" ind1=" " ind2=" ">
   <subfield code="a">INST</subfield>
   <subfield code="b">UNIPILB</subfield>
   <subfield code="c">SERIALS</subfield>
   <subfield code="e">20041105</subfield>
   <subfield code="h">Αλφαβητική σειρά</subfield>
   <subfield code="p">37422</subfield>
   <subfield code="q">37422</subfield>
   <subfield code="t">NOLOAN</subfield>
   <subfield code="v">vol.81;no.2:(Μήνας)February;(Έτος)2003</subfield>
   <subfield code="y">23</subfield>
  </datafield>
  <datafield tag="852" ind1=" " ind2=" ">
   <subfield code="a">INST</subfield>
   <subfield code="b">UNIPILB</subfield>
   <subfield code="c">SERIALS</subfield>
   <subfield code="e">20041105</subfield>
   <subfield code="h">Αλφαβητική σειρά</subfield>
   <subfield code="p">37423</subfield>
   <subfield code="q">37423</subfield>
   <subfield code="t">NOLOAN</subfield>
   <subfield code="v">vol.81;no.3:(Μήνας)March;(Έτος)2003</subfield>
   <subfield code="y">23</subfield>
  </datafield>
  <datafield tag="852" ind1=" " ind2=" ">
   <subfield code="a">INST</subfield>
   <subfield code="b">UNIPILB</subfield>
   <subfield code="c">SERIALS</subfield>
   <subfield code="e">20041105</subfield>
   <subfield code="h">Αλφαβητική σειρά</subfield>
   <subfield code="p">37424</subfield>
   <subfield code="q">37424</subfield>
   <subfield code="t">NOLOAN</subfield>
   <subfield code="v">vol.81;no.4:(Μήνας)April;(Έτος)2003</subfield>
   <subfield code="y">23</subfield>
  </datafield>
  <datafield tag="852" ind1=" " ind2=" ">
   <subfield code="a">INST</subfield>
   <subfield code="b">UNIPILB</subfield>
   <subfield code="c">SERIALS</subfield>
   <subfield code="e">20041105</subfield>
   <subfield code="h">Αλφαβητική σειρά</subfield>
   <subfield code="p">37425</subfield>
   <subfield code="q">37425</subfield>
   <subfield code="t">NOLOAN</subfield>
   <subfield code="v">vol.81;no.5:(Μήνας)May;(Έτος)2003</subfield>
   <subfield code="y">23</subfield>
  </datafield>
  <datafield tag="852" ind1=" " ind2=" ">
   <subfield code="a">INST</subfield>
   <subfield code="b">UNIPILB</subfield>
   <subfield code="c">SERIALS</subfield>
   <subfield code="e">20041105</subfield>
   <subfield code="h">Αλφαβητική σειρά</subfield>
   <subfield code="p">37426</subfield>
   <subfield code="q">37426</subfield>
   <subfield code="t">NOLOAN</subfield>
   <subfield code="v">vol.81;no.6:(Μήνας)June;(Έτος)2003</subfield>
   <subfield code="y">23</subfield>
  </datafield>
  <datafield tag="852" ind1=" " ind2=" ">
   <subfield code="a">INST</subfield>
   <subfield code="b">UNIPILB</subfield>
   <subfield code="c">SERIALS</subfield>
   <subfield code="e">20041105</subfield>
   <subfield code="h">Αλφαβητική σειρά</subfield>
   <subfield code="p">37427</subfield>
   <subfield code="q">37427</subfield>
   <subfield code="t">NOLOAN</subfield>
   <subfield code="v">vol.81;no.7:(Μήνας)July;(Έτος)2003</subfield>
   <subfield code="y">23</subfield>
  </datafield>
  <datafield tag="852" ind1=" " ind2=" ">
   <subfield code="a">INST</subfield>
   <subfield code="b">UNIPILB</subfield>
   <subfield code="c">SERIALS</subfield>
   <subfield code="e">20041105</subfield>
   <subfield code="h">Αλφαβητική σειρά</subfield>
   <subfield code="p">37428</subfield>
   <subfield code="q">37428</subfield>
   <subfield code="t">NOLOAN</subfield>
   <subfield code="v">vol.81;no.8:(Μήνας)August;(Έτος)2003</subfield>
   <subfield code="y">23</subfield>
  </datafield>
  <datafield tag="852" ind1=" " ind2=" ">
   <subfield code="a">INST</subfield>
   <subfield code="b">UNIPILB</subfield>
   <subfield code="c">SERIALS</subfield>
   <subfield code="e">20041105</subfield>
   <subfield code="h">Αλφαβητική σειρά</subfield>
   <subfield code="p">37429</subfield>
   <subfield code="q">37429</subfield>
   <subfield code="t">NOLOAN</subfield>
   <subfield code="v">vol.81;no.9:(Μήνας)September;(Έτος)2003</subfield>
   <subfield code="y">23</subfield>
  </datafield>
  <datafield tag="852" ind1=" " ind2=" ">
   <subfield code="a">INST</subfield>
   <subfield code="b">UNIPILB</subfield>
   <subfield code="c">SERIALS</subfield>
   <subfield code="e">20041105</subfield>
   <subfield code="h">Αλφαβητική σειρά</subfield>
   <subfield code="p">37430</subfield>
   <subfield code="q">37430</subfield>
   <subfield code="t">NOLOAN</subfield>
   <subfield code="v">vol.81;no.10:(Μήνας)October;(Έτος)2003</subfield>
   <subfield code="y">23</subfield>
  </datafield>
  <datafield tag="852" ind1=" " ind2=" ">
   <subfield code="a">INST</subfield>
   <subfield code="b">UNIPILB</subfield>
   <subfield code="c">SERIALS</subfield>
   <subfield code="e">20041105</subfield>
   <subfield code="h">Αλφαβητική σειρά</subfield>
   <subfield code="p">37431</subfield>
   <subfield code="q">37431</subfield>
   <subfield code="t">NOLOAN</subfield>
   <subfield code="v">vol.81;no.11:(Μήνας)November;(Έτος)2003</subfield>
   <subfield code="y">23</subfield>
  </datafield>
  <datafield tag="852" ind1=" " ind2=" ">
   <subfield code="a">INST</subfield>
   <subfield code="b">UNIPILB</subfield>
   <subfield code="c">SERIALS</subfield>
   <subfield code="e">20041105</subfield>
   <subfield code="h">Αλφαβητική σειρά</subfield>
   <subfield code="p">37432</subfield>
   <subfield code="q">37432</subfield>
   <subfield code="t">NOLOAN</subfield>
   <subfield code="v">vol.81;no.12:(Μήνας)December;(Έτος)2003</subfield>
   <subfield code="y">23</subfield>
  </datafield>
  <datafield tag="852" ind1=" " ind2=" ">
   <subfield code="a">INST</subfield>
   <subfield code="b">UNIPILB</subfield>
   <subfield code="c">SERIALS</subfield>
   <subfield code="e">20051129</subfield>
   <subfield code="h">Αλφαβητική σειρά</subfield>
   <subfield code="p">48843</subfield>
   <subfield code="q">48843</subfield>
   <subfield code="t">NOLOAN</subfield>
   <subfield code="v">vol.83;no.1:(Μήνας)January;(Έτος)2005</subfield>
   <subfield code="y">23</subfield>
  </datafield>
  <datafield tag="852" ind1=" " ind2=" ">
   <subfield code="a">INST</subfield>
   <subfield code="b">UNIPILB</subfield>
   <subfield code="c">SERIALS</subfield>
   <subfield code="e">20051129</subfield>
   <subfield code="h">Αλφαβητική σειρά</subfield>
   <subfield code="p">48844</subfield>
   <subfield code="q">48844</subfield>
   <subfield code="t">NOLOAN</subfield>
   <subfield code="v">vol.83;no.2:(Μήνας)February;(Έτος)2005</subfield>
   <subfield code="y">23</subfield>
  </datafield>
  <datafield tag="852" ind1=" " ind2=" ">
   <subfield code="a">INST</subfield>
   <subfield code="b">UNIPILB</subfield>
   <subfield code="c">SERIALS</subfield>
   <subfield code="e">20051129</subfield>
   <subfield code="h">Αλφαβητική σειρά</subfield>
   <subfield code="p">48845</subfield>
   <subfield code="q">48845</subfield>
   <subfield code="t">NOLOAN</subfield>
   <subfield code="v">vol.83;no.3:(Μήνας)March;(Έτος)2005</subfield>
   <subfield code="y">23</subfield>
  </datafield>
  <datafield tag="852" ind1=" " ind2=" ">
   <subfield code="a">INST</subfield>
   <subfield code="b">UNIPILB</subfield>
   <subfield code="c">SERIALS</subfield>
   <subfield code="e">20051129</subfield>
   <subfield code="h">Αλφαβητική σειρά</subfield>
   <subfield code="p">48846</subfield>
   <subfield code="q">48846</subfield>
   <subfield code="t">NOLOAN</subfield>
   <subfield code="v">vol.83;no.4:(Μήνας)April;(Έτος)2005</subfield>
   <subfield code="y">23</subfield>
  </datafield>
  <datafield tag="852" ind1=" " ind2=" ">
   <subfield code="a">INST</subfield>
   <subfield code="b">UNIPILB</subfield>
   <subfield code="c">SERIALS</subfield>
   <subfield code="e">20051129</subfield>
   <subfield code="h">Αλφαβητική σειρά</subfield>
   <subfield code="p">48847</subfield>
   <subfield code="q">48847</subfield>
   <subfield code="t">NOLOAN</subfield>
   <subfield code="v">vol.83;no.5:(Μήνας)May;(Έτος)2005</subfield>
   <subfield code="y">23</subfield>
  </datafield>
  <datafield tag="852" ind1=" " ind2=" ">
   <subfield code="a">INST</subfield>
   <subfield code="b">UNIPILB</subfield>
   <subfield code="c">SERIALS</subfield>
   <subfield code="e">20051129</subfield>
   <subfield code="h">Αλφαβητική σειρά</subfield>
   <subfield code="p">48848</subfield>
   <subfield code="q">48848</subfield>
   <subfield code="t">NOLOAN</subfield>
   <subfield code="v">vol.83;no.7:(Μήνες)July-August;(Έτος)2005</subfield>
   <subfield code="y">23</subfield>
  </datafield>
  <datafield tag="852" ind1=" " ind2=" ">
   <subfield code="a">INST</subfield>
   <subfield code="b">UNIPILB</subfield>
   <subfield code="c">SERIALS</subfield>
   <subfield code="e">20051129</subfield>
   <subfield code="h">Αλφαβητική σειρά</subfield>
   <subfield code="p">48849</subfield>
   <subfield code="q">48849</subfield>
   <subfield code="t">NOLOAN</subfield>
   <subfield code="v">vol.83;no.9:(Μήνας)September;(Έτος)2005</subfield>
   <subfield code="y">23</subfield>
  </datafield>
  <datafield tag="852" ind1=" " ind2=" ">
   <subfield code="a">INST</subfield>
   <subfield code="b">UNIPILB</subfield>
   <subfield code="c">SERIALS</subfield>
   <subfield code="e">20051129</subfield>
   <subfield code="h">Αλφαβητική σειρά</subfield>
   <subfield code="p">48900</subfield>
   <subfield code="q">48900</subfield>
   <subfield code="t">NOLOAN</subfield>
   <subfield code="v">vol.83;no.11:(Μήνας)November;(Έτος)2005</subfield>
   <subfield code="y">23</subfield>
  </datafield>
  <datafield tag="852" ind1=" " ind2=" ">
   <subfield code="a">INST</subfield>
   <subfield code="b">UNIPILB</subfield>
   <subfield code="c">SERIALS</subfield>
   <subfield code="e">20060120</subfield>
   <subfield code="h">Αλφαβητική σειρά</subfield>
   <subfield code="p">49719</subfield>
   <subfield code="q">49719</subfield>
   <subfield code="t">NOLOAN</subfield>
   <subfield code="v">vol.83;no.10:(Μήνας)October;(Έτος)2005</subfield>
   <subfield code="y">23</subfield>
  </datafield>
  <datafield tag="852" ind1=" " ind2=" ">
   <subfield code="a">INST</subfield>
   <subfield code="b">UNIPILB</subfield>
   <subfield code="c">SERIALS</subfield>
   <subfield code="e">20060120</subfield>
   <subfield code="h">Αλφαβητική σειρά</subfield>
   <subfield code="p">49720</subfield>
   <subfield code="q">49720</subfield>
   <subfield code="t">NOLOAN</subfield>
   <subfield code="v">vol.83;no.12:(Μήνας)December;(Έτος)2005</subfield>
   <subfield code="y">23</subfield>
  </datafield>
  <datafield tag="852" ind1=" " ind2=" ">
   <subfield code="a">INST</subfield>
   <subfield code="b">UNIPILB</subfield>
   <subfield code="c">SERIALS</subfield>
   <subfield code="e">20060120</subfield>
   <subfield code="h">Αλφαβητική σειρά</subfield>
   <subfield code="p">49721</subfield>
   <subfield code="q">49721</subfield>
   <subfield code="t">NOLOAN</subfield>
   <subfield code="v">part.Annual index and executive summaries:(Μήνας)December;(Έτος)2005</subfield>
   <subfield code="y">23</subfield>
  </datafield>
  <datafield tag="852" ind1=" " ind2=" ">
   <subfield code="a">INST</subfield>
   <subfield code="b">UNIPILB</subfield>
   <subfield code="c">SERIALS</subfield>
   <subfield code="e">20060522</subfield>
   <subfield code="h">Αλφαβητική σειρά</subfield>
   <subfield code="p">51637</subfield>
   <subfield code="q">51637</subfield>
   <subfield code="t">NOLOAN</subfield>
   <subfield code="v">vol.84;no.1:(Μήνας)January;(Έτος)2006</subfield>
   <subfield code="y">23</subfield>
  </datafield>
  <datafield tag="852" ind1=" " ind2=" ">
   <subfield code="a">INST</subfield>
   <subfield code="b">UNIPILB</subfield>
   <subfield code="c">SERIALS</subfield>
   <subfield code="e">20060522</subfield>
   <subfield code="h">Αλφαβητική σειρά</subfield>
   <subfield code="p">51638</subfield>
   <subfield code="q">51638</subfield>
   <subfield code="t">NOLOAN</subfield>
   <subfield code="v">vol.84;no.2:(Μήνας)February;(Έτος)2006</subfield>
   <subfield code="y">23</subfield>
  </datafield>
  <datafield tag="852" ind1=" " ind2=" ">
   <subfield code="a">INST</subfield>
   <subfield code="b">UNIPILB</subfield>
   <subfield code="c">SERIALS</subfield>
   <subfield code="e">20060522</subfield>
   <subfield code="h">Αλφαβητική σειρά</subfield>
   <subfield code="p">51639</subfield>
   <subfield code="q">51639</subfield>
   <subfield code="t">NOLOAN</subfield>
   <subfield code="v">vol.84;no.3:(Μήνας)March;(Έτος)2006</subfield>
   <subfield code="y">23</subfield>
  </datafield>
  <datafield tag="852" ind1=" " ind2=" ">
   <subfield code="a">INST</subfield>
   <subfield code="b">UNIPILB</subfield>
   <subfield code="c">SERIALS</subfield>
   <subfield code="e">20060522</subfield>
   <subfield code="h">Αλφαβητική σειρά</subfield>
   <subfield code="p">51640</subfield>
   <subfield code="q">51640</subfield>
   <subfield code="t">NOLOAN</subfield>
   <subfield code="v">vol.84;no.4:(Μήνας)April;(Έτος)2006</subfield>
   <subfield code="y">23</subfield>
  </datafield>
  <datafield tag="852" ind1=" " ind2=" ">
   <subfield code="a">INST</subfield>
   <subfield code="b">UNIPILB</subfield>
   <subfield code="c">SERIALS</subfield>
   <subfield code="e">20060522</subfield>
   <subfield code="h">Αλφαβητική σειρά</subfield>
   <subfield code="p">51641</subfield>
   <subfield code="q">51641</subfield>
   <subfield code="t">NOLOAN</subfield>
   <subfield code="v">vol.84;no.5:(Μήνας)May;(Έτος)2006</subfield>
   <subfield code="y">23</subfield>
  </datafield>
  <datafield tag="852" ind1=" " ind2=" ">
   <subfield code="a">INST</subfield>
   <subfield code="b">UNIPILB</subfield>
   <subfield code="c">SERIALS</subfield>
   <subfield code="e">20060706</subfield>
   <subfield code="h">Αλφαβητική σειρά</subfield>
   <subfield code="p">51830</subfield>
   <subfield code="q">51830</subfield>
   <subfield code="t">NOLOAN</subfield>
   <subfield code="v">vol.84;no.6:(Μήνας)June;(Έτος)2006</subfield>
   <subfield code="y">23</subfield>
  </datafield>
  <datafield tag="852" ind1=" " ind2=" ">
   <subfield code="a">INST</subfield>
   <subfield code="b">UNIPILB</subfield>
   <subfield code="c">SERIALS</subfield>
   <subfield code="e">20060803</subfield>
   <subfield code="h">Αλφαβητική σειρά</subfield>
   <subfield code="p">52250</subfield>
   <subfield code="q">52250</subfield>
   <subfield code="t">NOLOAN</subfield>
   <subfield code="v">vol.84;no.7/8:(Μήνες)July-August;(Έτος)2006</subfield>
   <subfield code="y">23</subfield>
  </datafield>
  <datafield tag="852" ind1=" " ind2=" ">
   <subfield code="a">INST</subfield>
   <subfield code="b">UNIPILB</subfield>
   <subfield code="c">SERIALS</subfield>
   <subfield code="e">20061003</subfield>
   <subfield code="h">Αλφαβητική σειρά</subfield>
   <subfield code="p">52980</subfield>
   <subfield code="q">52980</subfield>
   <subfield code="t">NOLOAN</subfield>
   <subfield code="v">vol.84;no.9:(Μήνας)September;(Έτος)2006</subfield>
   <subfield code="y">23</subfield>
  </datafield>
  <datafield tag="852" ind1=" " ind2=" ">
   <subfield code="a">INST</subfield>
   <subfield code="b">UNIPILB</subfield>
   <subfield code="c">SERIALS</subfield>
   <subfield code="e">20061123</subfield>
   <subfield code="h">Αλφαβητική σειρά</subfield>
   <subfield code="p">53750</subfield>
   <subfield code="q">53750</subfield>
   <subfield code="t">NOLOAN</subfield>
   <subfield code="v">vol.84;no.11:(Μήνας)November;(Έτος)2006</subfield>
   <subfield code="y">23</subfield>
  </datafield>
  <datafield tag="852" ind1=" " ind2=" ">
   <subfield code="a">INST</subfield>
   <subfield code="b">UNIPILB</subfield>
   <subfield code="c">SERIALS</subfield>
   <subfield code="e">20061123</subfield>
   <subfield code="h">Αλφαβητική σειρά</subfield>
   <subfield code="p">53751</subfield>
   <subfield code="q">53751</subfield>
   <subfield code="t">NOLOAN</subfield>
   <subfield code="v">vol.84;no.10:(Μήνας)October;(Έτος)2006</subfield>
   <subfield code="y">23</subfield>
  </datafield>
  <datafield tag="852" ind1=" " ind2=" ">
   <subfield code="a">INST</subfield>
   <subfield code="b">UNIPILB</subfield>
   <subfield code="c">SERIALS</subfield>
   <subfield code="e">20070116</subfield>
   <subfield code="h">Αλφαβητική σειρά</subfield>
   <subfield code="p">54073</subfield>
   <subfield code="q">54073</subfield>
   <subfield code="t">NOLOAN</subfield>
   <subfield code="v">vol.84;no.12:(Μήνας)December;(Έτος)2006</subfield>
   <subfield code="y">23</subfield>
  </datafield>
  <datafield tag="852" ind1=" " ind2=" ">
   <subfield code="a">INST</subfield>
   <subfield code="b">UNIPILB</subfield>
   <subfield code="c">SERIALS</subfield>
   <subfield code="e">20070917</subfield>
   <subfield code="h">Αλφαβητική σειρά</subfield>
   <subfield code="p">57135</subfield>
   <subfield code="q">57135</subfield>
   <subfield code="t">NOLOAN</subfield>
   <subfield code="v">vol.85;no.2:(Μήνας)February;(Έτος)2007</subfield>
   <subfield code="y">23</subfield>
  </datafield>
  <datafield tag="852" ind1=" " ind2=" ">
   <subfield code="a">INST</subfield>
   <subfield code="b">UNIPILB</subfield>
   <subfield code="c">SERIALS</subfield>
   <subfield code="e">20070917</subfield>
   <subfield code="h">Αλφαβητική σειρά</subfield>
   <subfield code="p">57136</subfield>
   <subfield code="q">57136</subfield>
   <subfield code="t">NOLOAN</subfield>
   <subfield code="v">vol.85;no.3:(Μήνας)March;(Έτος)2007</subfield>
   <subfield code="y">23</subfield>
  </datafield>
  <datafield tag="852" ind1=" " ind2=" ">
   <subfield code="a">INST</subfield>
   <subfield code="b">UNIPILB</subfield>
   <subfield code="c">SERIALS</subfield>
   <subfield code="e">20070917</subfield>
   <subfield code="h">Αλφαβητική σειρά</subfield>
   <subfield code="p">57137</subfield>
   <subfield code="q">57137</subfield>
   <subfield code="t">NOLOAN</subfield>
   <subfield code="v">vol.85;no.4:(Μήνας)April;(Έτος)2007</subfield>
   <subfield code="y">23</subfield>
  </datafield>
  <datafield tag="852" ind1=" " ind2=" ">
   <subfield code="a">INST</subfield>
   <subfield code="b">UNIPILB</subfield>
   <subfield code="c">SERIALS</subfield>
   <subfield code="e">20070917</subfield>
   <subfield code="h">Αλφαβητική σειρά</subfield>
   <subfield code="p">57138</subfield>
   <subfield code="q">57138</subfield>
   <subfield code="t">NOLOAN</subfield>
   <subfield code="v">vol.85;no.5:(Μήνας)May;(Έτος)2007</subfield>
   <subfield code="y">23</subfield>
  </datafield>
  <datafield tag="852" ind1=" " ind2=" ">
   <subfield code="a">INST</subfield>
   <subfield code="b">UNIPILB</subfield>
   <subfield code="c">SERIALS</subfield>
   <subfield code="e">20070917</subfield>
   <subfield code="h">Αλφαβητική σειρά</subfield>
   <subfield code="p">57139</subfield>
   <subfield code="q">57139</subfield>
   <subfield code="t">NOLOAN</subfield>
   <subfield code="v">vol.85;no.6:(Μήνας)June;(Έτος)2007</subfield>
   <subfield code="y">23</subfield>
  </datafield>
  <datafield tag="852" ind1=" " ind2=" ">
   <subfield code="a">INST</subfield>
   <subfield code="b">UNIPILB</subfield>
   <subfield code="c">SERIALS</subfield>
   <subfield code="e">20070917</subfield>
   <subfield code="h">Αλφαβητική σειρά</subfield>
   <subfield code="p">57140</subfield>
   <subfield code="q">57140</subfield>
   <subfield code="t">NOLOAN</subfield>
   <subfield code="v">vol.85;no.7/8:(Μήνες)July-August;(Έτος)2007</subfield>
   <subfield code="y">23</subfield>
  </datafield>
  <datafield tag="852" ind1=" " ind2=" ">
   <subfield code="a">INST</subfield>
   <subfield code="b">UNIPILB</subfield>
   <subfield code="c">SERIALS</subfield>
   <subfield code="e">20070917</subfield>
   <subfield code="h">Αλφαβητική σειρά</subfield>
   <subfield code="p">57187</subfield>
   <subfield code="q">57187</subfield>
   <subfield code="t">NOLOAN</subfield>
   <subfield code="v">vol.85;no.1:(Μήνας)January;(Έτος)2007</subfield>
   <subfield code="y">23</subfield>
  </datafield>
  <datafield tag="852" ind1=" " ind2=" ">
   <subfield code="a">INST</subfield>
   <subfield code="b">UNIPILB</subfield>
   <subfield code="c">SERIALS</subfield>
   <subfield code="e">20071019</subfield>
   <subfield code="h">Αλφαβητική σειρά</subfield>
   <subfield code="p">57727</subfield>
   <subfield code="q">57727</subfield>
   <subfield code="t">NOLOAN</subfield>
   <subfield code="v">vol.85;no.9:(Μήνας)September;(Έτος)2007</subfield>
   <subfield code="y">23</subfield>
  </datafield>
  <datafield tag="852" ind1=" " ind2=" ">
   <subfield code="a">INST</subfield>
   <subfield code="b">UNIPILB</subfield>
   <subfield code="c">SERIALS</subfield>
   <subfield code="e">20071120</subfield>
   <subfield code="h">Αλφαβητική σειρά</subfield>
   <subfield code="p">58469</subfield>
   <subfield code="q">58469</subfield>
   <subfield code="t">NOLOAN</subfield>
   <subfield code="v">vol.85;no.11:(Μήνας)November;(Έτος)2007</subfield>
   <subfield code="y">23</subfield>
  </datafield>
  <datafield tag="852" ind1=" " ind2=" ">
   <subfield code="a">INST</subfield>
   <subfield code="b">UNIPILB</subfield>
   <subfield code="c">SERIALS</subfield>
   <subfield code="e">20071129</subfield>
   <subfield code="h">Αλφαβητική σειρά</subfield>
   <subfield code="p">58642</subfield>
   <subfield code="q">58642</subfield>
   <subfield code="t">NOLOAN</subfield>
   <subfield code="v">vol.85;no.10:(Μήνας)October;(Έτος)2007</subfield>
   <subfield code="y">23</subfield>
  </datafield>
  <datafield tag="852" ind1=" " ind2=" ">
   <subfield code="a">INST</subfield>
   <subfield code="b">UNIPILB</subfield>
   <subfield code="c">SERIALS</subfield>
   <subfield code="e">20080110</subfield>
   <subfield code="h">Αλφαβητική σειρά</subfield>
   <subfield code="p">59396</subfield>
   <subfield code="q">59396</subfield>
   <subfield code="t">NOLOAN</subfield>
   <subfield code="v">vol.85;no.12:(Μήνας)December;(Έτος)2007</subfield>
   <subfield code="y">23</subfield>
  </datafield>
  <datafield tag="852" ind1=" " ind2=" ">
   <subfield code="a">INST</subfield>
   <subfield code="b">UNIPILB</subfield>
   <subfield code="c">SERIALS</subfield>
   <subfield code="e">20091126</subfield>
   <subfield code="h">Αλφαβητική σειρά</subfield>
   <subfield code="p">65503</subfield>
   <subfield code="q">65503</subfield>
   <subfield code="t">NOLOAN</subfield>
   <subfield code="v">vol.87;no.10:(Μήνας)October;(Έτος)2009</subfield>
   <subfield code="y">23</subfield>
  </datafield>
  <datafield tag="852" ind1=" " ind2=" ">
   <subfield code="a">INST</subfield>
   <subfield code="b">UNIPILB</subfield>
   <subfield code="c">SERIALS</subfield>
   <subfield code="e">20091211</subfield>
   <subfield code="h">Αλφαβητική σειρά</subfield>
   <subfield code="p">65803</subfield>
   <subfield code="q">65803</subfield>
   <subfield code="t">NOLOAN</subfield>
   <subfield code="v">vol.87;no.7/8:(Μήνες)July-August;(Έτος)2009</subfield>
   <subfield code="y">23</subfield>
  </datafield>
  <datafield tag="852" ind1=" " ind2=" ">
   <subfield code="a">INST</subfield>
   <subfield code="b">UNIPILB</subfield>
   <subfield code="c">SERIALS</subfield>
   <subfield code="e">20091211</subfield>
   <subfield code="h">Αλφαβητική σειρά</subfield>
   <subfield code="p">65804</subfield>
   <subfield code="q">65804</subfield>
   <subfield code="t">NOLOAN</subfield>
   <subfield code="v">vol.87;no.11:(Μήνας)November;(Έτος)2009</subfield>
   <subfield code="y">23</subfield>
  </datafield>
  <datafield tag="852" ind1=" " ind2=" ">
   <subfield code="a">INST</subfield>
   <subfield code="b">UNIPILB</subfield>
   <subfield code="c">SERIALS</subfield>
   <subfield code="e">20091211</subfield>
   <subfield code="h">Αλφαβητική σειρά</subfield>
   <subfield code="p">65805</subfield>
   <subfield code="q">65805</subfield>
   <subfield code="t">NOLOAN</subfield>
   <subfield code="v">vol.87;no.12:(Μήνας)December;(Έτος)2009</subfield>
   <subfield code="y">23</subfield>
  </datafield>
  <datafield tag="852" ind1=" " ind2=" ">
   <subfield code="a">INST</subfield>
   <subfield code="b">UNIPILB</subfield>
   <subfield code="c">SERIALS</subfield>
   <subfield code="e">20100223</subfield>
   <subfield code="h">Αλφαβητική σειρά</subfield>
   <subfield code="p">67032</subfield>
   <subfield code="q">67032</subfield>
   <subfield code="t">NOLOAN</subfield>
   <subfield code="v">vol.87;no.1:(Μήνας)January;(Έτος)2009</subfield>
   <subfield code="y">23</subfield>
  </datafield>
  <datafield tag="852" ind1=" " ind2=" ">
   <subfield code="a">INST</subfield>
   <subfield code="b">UNIPILB</subfield>
   <subfield code="c">SERIALS</subfield>
   <subfield code="e">20100223</subfield>
   <subfield code="h">Αλφαβητική σειρά</subfield>
   <subfield code="p">67033</subfield>
   <subfield code="q">67033</subfield>
   <subfield code="t">NOLOAN</subfield>
   <subfield code="v">vol.87;no.2:(Μήνας)February;(Έτος)2009</subfield>
   <subfield code="y">23</subfield>
  </datafield>
  <datafield tag="852" ind1=" " ind2=" ">
   <subfield code="a">INST</subfield>
   <subfield code="b">UNIPILB</subfield>
   <subfield code="c">SERIALS</subfield>
   <subfield code="e">20100223</subfield>
   <subfield code="h">Αλφαβητική σειρά</subfield>
   <subfield code="p">67035</subfield>
   <subfield code="q">67035</subfield>
   <subfield code="t">NOLOAN</subfield>
   <subfield code="v">vol.87;no.3:(Μήνας)March;(Έτος)2009</subfield>
   <subfield code="y">23</subfield>
  </datafield>
  <datafield tag="852" ind1=" " ind2=" ">
   <subfield code="a">INST</subfield>
   <subfield code="b">UNIPILB</subfield>
   <subfield code="c">SERIALS</subfield>
   <subfield code="e">20100223</subfield>
   <subfield code="h">Αλφαβητική σειρά</subfield>
   <subfield code="p">67036</subfield>
   <subfield code="q">67036</subfield>
   <subfield code="t">NOLOAN</subfield>
   <subfield code="v">vol.87;no.4:(Μήνας)April;(Έτος)2009</subfield>
   <subfield code="y">23</subfield>
  </datafield>
  <datafield tag="852" ind1=" " ind2=" ">
   <subfield code="a">INST</subfield>
   <subfield code="b">UNIPILB</subfield>
   <subfield code="c">SERIALS</subfield>
   <subfield code="e">20100223</subfield>
   <subfield code="h">Αλφαβητική σειρά</subfield>
   <subfield code="p">67037</subfield>
   <subfield code="q">67037</subfield>
   <subfield code="t">NOLOAN</subfield>
   <subfield code="v">vol.87;no.5:(Μήνας)May;(Έτος)2009</subfield>
   <subfield code="y">23</subfield>
  </datafield>
  <datafield tag="852" ind1=" " ind2=" ">
   <subfield code="a">INST</subfield>
   <subfield code="b">UNIPILB</subfield>
   <subfield code="c">SERIALS</subfield>
   <subfield code="e">20100223</subfield>
   <subfield code="h">Αλφαβητική σειρά</subfield>
   <subfield code="p">67038</subfield>
   <subfield code="q">67038</subfield>
   <subfield code="t">NOLOAN</subfield>
   <subfield code="v">vol.87;no.6:(Μήνας)June;(Έτος)2009</subfield>
   <subfield code="y">23</subfield>
  </datafield>
  <datafield tag="852" ind1=" " ind2=" ">
   <subfield code="a">INST</subfield>
   <subfield code="b">UNIPILB</subfield>
   <subfield code="c">SERIALS</subfield>
   <subfield code="e">20100223</subfield>
   <subfield code="h">Αλφαβητική σειρά</subfield>
   <subfield code="p">67040</subfield>
   <subfield code="q">67040</subfield>
   <subfield code="t">NOLOAN</subfield>
   <subfield code="v">vol.87;no.9:(Μήνας)September;(Έτος)2009</subfield>
   <subfield code="y">23</subfield>
  </datafield>
  <datafield tag="852" ind1=" " ind2=" ">
   <subfield code="a">INST</subfield>
   <subfield code="b">UNIPILB</subfield>
   <subfield code="c">SERIALS</subfield>
   <subfield code="e">20100909</subfield>
   <subfield code="h">Αλφαβητική σειρά</subfield>
   <subfield code="p">69808</subfield>
   <subfield code="q">69808</subfield>
   <subfield code="t">NOLOAN</subfield>
   <subfield code="v">vol.88;no.7/8:(Μήνες)July-August;(Έτος)2010</subfield>
   <subfield code="y">23</subfield>
  </datafield>
  <datafield tag="852" ind1=" " ind2=" ">
   <subfield code="a">INST</subfield>
   <subfield code="b">UNIPILB</subfield>
   <subfield code="c">SERIALS</subfield>
   <subfield code="e">20101018</subfield>
   <subfield code="h">Αλφαβητική σειρά</subfield>
   <subfield code="p">70190</subfield>
   <subfield code="q">70190</subfield>
   <subfield code="t">NOLOAN</subfield>
   <subfield code="v">vol.88;no.9:(Μήνας)September;(Έτος)2010</subfield>
   <subfield code="y">23</subfield>
  </datafield>
  <datafield tag="852" ind1=" " ind2=" ">
   <subfield code="a">INST</subfield>
   <subfield code="b">UNIPILB</subfield>
   <subfield code="c">SERIALS</subfield>
   <subfield code="e">20101112</subfield>
   <subfield code="h">Αλφαβητική σειρά</subfield>
   <subfield code="p">70536</subfield>
   <subfield code="q">70536</subfield>
   <subfield code="t">NOLOAN</subfield>
   <subfield code="v">vol.88;no.10:(Μήνας)October;(Έτος)2010</subfield>
   <subfield code="y">23</subfield>
  </datafield>
  <datafield tag="852" ind1=" " ind2=" ">
   <subfield code="a">INST</subfield>
   <subfield code="b">UNIPILB</subfield>
   <subfield code="c">SERIALS</subfield>
   <subfield code="e">20101112</subfield>
   <subfield code="h">Αλφαβητική σειρά</subfield>
   <subfield code="p">70537</subfield>
   <subfield code="q">70537</subfield>
   <subfield code="t">NOLOAN</subfield>
   <subfield code="v">vol.88;no.11:(Μήνας)November;(Έτος)2010</subfield>
   <subfield code="y">23</subfield>
  </datafield>
  <datafield tag="852" ind1=" " ind2=" ">
   <subfield code="a">INST</subfield>
   <subfield code="b">UNIPILB</subfield>
   <subfield code="c">SERIALS</subfield>
   <subfield code="e">20110118</subfield>
   <subfield code="h">Αλφαβητική σειρά</subfield>
   <subfield code="p">70799</subfield>
   <subfield code="q">70799</subfield>
   <subfield code="t">NOLOAN</subfield>
   <subfield code="v">vol.88;no.12:(Μήνας)December;(Έτος)2010</subfield>
   <subfield code="y">23</subfield>
  </datafield>
  <datafield tag="852" ind1=" " ind2=" ">
   <subfield code="a">INST</subfield>
   <subfield code="b">UNIPILB</subfield>
   <subfield code="c">SERIALS</subfield>
   <subfield code="e">20110512</subfield>
   <subfield code="h">Αλφαβητική σειρά</subfield>
   <subfield code="p">71795</subfield>
   <subfield code="q">71795</subfield>
   <subfield code="t">NOLOAN</subfield>
   <subfield code="v">vol.89;no.4:(Μήνας)April;(Έτος)2011</subfield>
   <subfield code="y">23</subfield>
  </datafield>
  <datafield tag="852" ind1=" " ind2=" ">
   <subfield code="a">INST</subfield>
   <subfield code="b">UNIPILB</subfield>
   <subfield code="c">SERIALS</subfield>
   <subfield code="e">20110616</subfield>
   <subfield code="h">Αλφαβητική σειρά</subfield>
   <subfield code="p">71947</subfield>
   <subfield code="q">71947</subfield>
   <subfield code="t">NOLOAN</subfield>
   <subfield code="v">vol.89;no.3:(Μήνας)March;(Έτος)2011</subfield>
   <subfield code="y">23</subfield>
  </datafield>
  <datafield tag="852" ind1=" " ind2=" ">
   <subfield code="a">INST</subfield>
   <subfield code="b">UNIPILB</subfield>
   <subfield code="c">SERIALS</subfield>
   <subfield code="e">20110616</subfield>
   <subfield code="h">Αλφαβητική σειρά</subfield>
   <subfield code="p">71948</subfield>
   <subfield code="q">71948</subfield>
   <subfield code="t">NOLOAN</subfield>
   <subfield code="v">vol.89;no.5:(Μήνας)May;(Έτος)2011</subfield>
   <subfield code="y">23</subfield>
  </datafield>
  <datafield tag="852" ind1=" " ind2=" ">
   <subfield code="a">INST</subfield>
   <subfield code="b">UNIPILB</subfield>
   <subfield code="c">SERIALS</subfield>
   <subfield code="e">20110629</subfield>
   <subfield code="h">Αλφαβητική σειρά</subfield>
   <subfield code="p">72125</subfield>
   <subfield code="q">72125</subfield>
   <subfield code="t">NOLOAN</subfield>
   <subfield code="v">vol.89;no.1/2:(Μήνες)Jan./Feb.;(Έτος)2011</subfield>
   <subfield code="y">23</subfield>
  </datafield>
  <datafield tag="852" ind1=" " ind2=" ">
   <subfield code="a">INST</subfield>
   <subfield code="b">UNIPILB</subfield>
   <subfield code="c">SERIALS</subfield>
   <subfield code="e">20110714</subfield>
   <subfield code="h">Αλφαβητική σειρά</subfield>
   <subfield code="p">72265</subfield>
   <subfield code="q">72265</subfield>
   <subfield code="t">NOLOAN</subfield>
   <subfield code="v">vol.89;no.7/8:(Μήνες)July-August;(Έτος)2011</subfield>
   <subfield code="y">23</subfield>
  </datafield>
  <datafield tag="852" ind1=" " ind2=" ">
   <subfield code="a">INST</subfield>
   <subfield code="b">UNIPILB</subfield>
   <subfield code="c">SERIALS</subfield>
   <subfield code="e">20110912</subfield>
   <subfield code="h">Αλφαβητική σειρά</subfield>
   <subfield code="p">72669</subfield>
   <subfield code="q">72669</subfield>
   <subfield code="t">NOLOAN</subfield>
   <subfield code="v">vol.89;no.6:(Μήνας)June;(Έτος)2011</subfield>
   <subfield code="y">23</subfield>
  </datafield>
  <datafield tag="852" ind1=" " ind2=" ">
   <subfield code="a">INST</subfield>
   <subfield code="b">UNIPILB</subfield>
   <subfield code="c">SERIALS</subfield>
   <subfield code="e">20111003</subfield>
   <subfield code="h">Αλφαβητική σειρά</subfield>
   <subfield code="p">72907</subfield>
   <subfield code="q">72907</subfield>
   <subfield code="t">NOLOAN</subfield>
   <subfield code="v">vol.89;no.9:(Μήνας)September;(Έτος)2011</subfield>
   <subfield code="y">23</subfield>
  </datafield>
  <datafield tag="852" ind1=" " ind2=" ">
   <subfield code="a">INST</subfield>
   <subfield code="b">UNIPILB</subfield>
   <subfield code="c">SERIALS</subfield>
   <subfield code="e">20111031</subfield>
   <subfield code="h">Αλφαβητική σειρά</subfield>
   <subfield code="p">73143</subfield>
   <subfield code="q">73143</subfield>
   <subfield code="t">NOLOAN</subfield>
   <subfield code="v">vol.89;no.10:(Μήνας)October;(Έτος)2011</subfield>
   <subfield code="y">23</subfield>
  </datafield>
  <datafield tag="852" ind1=" " ind2=" ">
   <subfield code="a">INST</subfield>
   <subfield code="b">UNIPILB</subfield>
   <subfield code="c">SERIALS</subfield>
   <subfield code="e">20111124</subfield>
   <subfield code="h">Αλφαβητική σειρά</subfield>
   <subfield code="p">73516</subfield>
   <subfield code="q">73516</subfield>
   <subfield code="t">NOLOAN</subfield>
   <subfield code="v">vol.89;no.11:(Μήνας)November;(Έτος)2011</subfield>
   <subfield code="y">23</subfield>
  </datafield>
  <datafield tag="852" ind1=" " ind2=" ">
   <subfield code="a">INST</subfield>
   <subfield code="b">UNIPILB</subfield>
   <subfield code="c">SERIALS</subfield>
   <subfield code="e">20111213</subfield>
   <subfield code="h">Αλφαβητική σειρά</subfield>
   <subfield code="p">73852</subfield>
   <subfield code="q">73852</subfield>
   <subfield code="t">NOLOAN</subfield>
   <subfield code="v">vol.89;no.12:(Μήνας)December;(Έτος)2011</subfield>
   <subfield code="y">23</subfield>
  </datafield>
  <datafield tag="852" ind1=" " ind2=" ">
   <subfield code="a">INST</subfield>
   <subfield code="b">UNIPILB</subfield>
   <subfield code="c">SERIALS</subfield>
   <subfield code="e">20120409</subfield>
   <subfield code="h">Αλφαβητική σειρά</subfield>
   <subfield code="p">75136</subfield>
   <subfield code="q">75136</subfield>
   <subfield code="t">NOLOAN</subfield>
   <subfield code="v">vol.90;no.3:(Μήνας)March;(Έτος)2012</subfield>
   <subfield code="y">23</subfield>
  </datafield>
  <datafield tag="852" ind1=" " ind2=" ">
   <subfield code="a">INST</subfield>
   <subfield code="b">UNIPILB</subfield>
   <subfield code="c">SERIALS</subfield>
   <subfield code="e">20120424</subfield>
   <subfield code="h">Αλφαβητική σειρά</subfield>
   <subfield code="p">75252</subfield>
   <subfield code="q">75252</subfield>
   <subfield code="t">NOLOAN</subfield>
   <subfield code="v">vol.90;no.4:(Μήνας)April;(Έτος)2012</subfield>
   <subfield code="y">23</subfield>
  </datafield>
  <datafield tag="852" ind1=" " ind2=" ">
   <subfield code="a">INST</subfield>
   <subfield code="b">UNIPILB</subfield>
   <subfield code="c">SERIALS</subfield>
   <subfield code="e">20120426</subfield>
   <subfield code="h">Αλφαβητική σειρά</subfield>
   <subfield code="p">75324</subfield>
   <subfield code="q">75324</subfield>
   <subfield code="t">NOLOAN</subfield>
   <subfield code="v">vol.90;no.5:(Μήνας)May;(Έτος)2012</subfield>
   <subfield code="y">23</subfield>
  </datafield>
  <datafield tag="852" ind1=" " ind2=" ">
   <subfield code="a">INST</subfield>
   <subfield code="b">UNIPILB</subfield>
   <subfield code="c">SERIALS</subfield>
   <subfield code="e">20120608</subfield>
   <subfield code="h">Αλφαβητική σειρά</subfield>
   <subfield code="p">75709</subfield>
   <subfield code="q">75709</subfield>
   <subfield code="t">NOLOAN</subfield>
   <subfield code="v">vol.90;no.6:(Μήνας)June;(Έτος)2012</subfield>
   <subfield code="y">23</subfield>
  </datafield>
  <datafield tag="852" ind1=" " ind2=" ">
   <subfield code="a">INST</subfield>
   <subfield code="b">UNIPILB</subfield>
   <subfield code="c">SERIALS</subfield>
   <subfield code="e">20120706</subfield>
   <subfield code="h">Αλφαβητική σειρά</subfield>
   <subfield code="p">75995</subfield>
   <subfield code="q">75995</subfield>
   <subfield code="t">NOLOAN</subfield>
   <subfield code="v">vol.90;no.7:(Μήνας)July;(Έτος)2012</subfield>
   <subfield code="y">23</subfield>
  </datafield>
  <datafield tag="852" ind1=" " ind2=" ">
   <subfield code="a">INST</subfield>
   <subfield code="b">UNIPILB</subfield>
   <subfield code="c">SERIALS</subfield>
   <subfield code="e">20120831</subfield>
   <subfield code="h">Αλφαβητική σειρά</subfield>
   <subfield code="p">76345</subfield>
   <subfield code="q">76345</subfield>
   <subfield code="t">NOLOAN</subfield>
   <subfield code="v">vol.90;no.9:(Μήνας)September;(Έτος)2012</subfield>
   <subfield code="y">23</subfield>
  </datafield>
  <datafield tag="852" ind1=" " ind2=" ">
   <subfield code="a">INST</subfield>
   <subfield code="b">UNIPILB</subfield>
   <subfield code="c">SERIALS</subfield>
   <subfield code="e">20121001</subfield>
   <subfield code="h">Αλφαβητική σειρά</subfield>
   <subfield code="p">76653</subfield>
   <subfield code="q">76653</subfield>
   <subfield code="t">NOLOAN</subfield>
   <subfield code="v">vol.90;no.10:(Μήνας)October;(Έτος)2012</subfield>
   <subfield code="y">23</subfield>
  </datafield>
  <datafield tag="852" ind1=" " ind2=" ">
   <subfield code="a">INST</subfield>
   <subfield code="b">UNIPILB</subfield>
   <subfield code="c">SERIALS</subfield>
   <subfield code="e">20121026</subfield>
   <subfield code="h">Αλφαβητική σειρά</subfield>
   <subfield code="p">76962</subfield>
   <subfield code="q">76962</subfield>
   <subfield code="t">NOLOAN</subfield>
   <subfield code="v">vol.90;no.11:(Μήνας)November;(Έτος)2012</subfield>
   <subfield code="y">23</subfield>
  </datafield>
  <datafield tag="852" ind1=" " ind2=" ">
   <subfield code="a">INST</subfield>
   <subfield code="b">UNIPILB</subfield>
   <subfield code="c">SERIALS</subfield>
   <subfield code="e">20121210</subfield>
   <subfield code="h">Αλφαβητική σειρά</subfield>
   <subfield code="p">77321</subfield>
   <subfield code="q">77321</subfield>
   <subfield code="t">NOLOAN</subfield>
   <subfield code="v">vol.90;no.12:(Μήνας)December;(Έτος)2012</subfield>
   <subfield code="y">23</subfield>
  </datafield>
  <datafield tag="852" ind1=" " ind2=" ">
   <subfield code="a">INST</subfield>
   <subfield code="b">UNIPILB</subfield>
   <subfield code="c">SERIALS</subfield>
   <subfield code="e">20130121</subfield>
   <subfield code="h">Αλφαβητική σειρά</subfield>
   <subfield code="p">77548</subfield>
   <subfield code="q">77548</subfield>
   <subfield code="t">NOLOAN</subfield>
   <subfield code="v">vol.91;no.1:(Μήνας)January;(Έτος)2013</subfield>
   <subfield code="y">23</subfield>
  </datafield>
  <datafield tag="852" ind1=" " ind2=" ">
   <subfield code="a">INST</subfield>
   <subfield code="b">UNIPILB</subfield>
   <subfield code="c">SERIALS</subfield>
   <subfield code="e">20130228</subfield>
   <subfield code="h">Αλφαβητική σειρά</subfield>
   <subfield code="p">78254</subfield>
   <subfield code="q">78254</subfield>
   <subfield code="t">NOLOAN</subfield>
   <subfield code="v">vol.91;no.3:(Μήνας)March;(Έτος)2013</subfield>
   <subfield code="y">23</subfield>
  </datafield>
  <datafield tag="852" ind1=" " ind2=" ">
   <subfield code="a">INST</subfield>
   <subfield code="b">UNIPILB</subfield>
   <subfield code="c">SERIALS</subfield>
   <subfield code="e">20130329</subfield>
   <subfield code="h">Αλφαβητική σειρά</subfield>
   <subfield code="p">78617</subfield>
   <subfield code="q">78617</subfield>
   <subfield code="t">NOLOAN</subfield>
   <subfield code="v">vol.91;no.4:(Μήνας)April;(Έτος)2013</subfield>
   <subfield code="y">23</subfield>
  </datafield>
  <datafield tag="852" ind1=" " ind2=" ">
   <subfield code="a">INST</subfield>
   <subfield code="b">UNIPILB</subfield>
   <subfield code="c">SERIALS</subfield>
   <subfield code="e">20130513</subfield>
   <subfield code="h">Αλφαβητική σειρά</subfield>
   <subfield code="p">79448</subfield>
   <subfield code="q">79448</subfield>
   <subfield code="t">NOLOAN</subfield>
   <subfield code="v">vol.91;no.5:(Μήνας)May;(Έτος)2013</subfield>
   <subfield code="y">23</subfield>
  </datafield>
  <datafield tag="852" ind1=" " ind2=" ">
   <subfield code="a">INST</subfield>
   <subfield code="b">UNIPILB</subfield>
   <subfield code="c">SERIALS</subfield>
   <subfield code="e">20131105</subfield>
   <subfield code="h">Αλφαβητική σειρά</subfield>
   <subfield code="p">81229</subfield>
   <subfield code="q">81229</subfield>
   <subfield code="t">NOLOAN</subfield>
   <subfield code="v">vol.91;no.11:(Μήνας)November;(Έτος)2013</subfield>
   <subfield code="y">23</subfield>
  </datafield>
  <datafield tag="852" ind1=" " ind2=" ">
   <subfield code="a">INST</subfield>
   <subfield code="b">UNIPILB</subfield>
   <subfield code="c">SERIALS</subfield>
   <subfield code="e">20131108</subfield>
   <subfield code="h">Αλφαβητική σειρά</subfield>
   <subfield code="p">81293</subfield>
   <subfield code="q">81293</subfield>
   <subfield code="t">NOLOAN</subfield>
   <subfield code="v">vol.91;no.10:(Μήνας)October;(Έτος)2013</subfield>
   <subfield code="y">23</subfield>
  </datafield>
  <datafield tag="852" ind1=" " ind2=" ">
   <subfield code="a">INST</subfield>
   <subfield code="b">UNIPILB</subfield>
   <subfield code="c">SERIALS</subfield>
   <subfield code="e">20140109</subfield>
   <subfield code="h">Αλφαβητική σειρά</subfield>
   <subfield code="p">81719</subfield>
   <subfield code="q">81719</subfield>
   <subfield code="t">NOLOAN</subfield>
   <subfield code="v">vol.91;no.12:(Μήνας)December;(Έτος)2013</subfield>
   <subfield code="y">23</subfield>
  </datafield>
  <datafield tag="852" ind1=" " ind2=" ">
   <subfield code="a">INST</subfield>
   <subfield code="b">UNIPILB</subfield>
   <subfield code="c">SERIALS</subfield>
   <subfield code="e">20140127</subfield>
   <subfield code="h">Αλφαβητική σειρά</subfield>
   <subfield code="p">81920</subfield>
   <subfield code="q">81920</subfield>
   <subfield code="t">NOLOAN</subfield>
   <subfield code="v">vol.92;no.1/2:(Μήνες)Jan./Feb.;(Έτος)2014</subfield>
   <subfield code="y">23</subfield>
  </datafield>
  <datafield tag="852" ind1=" " ind2=" ">
   <subfield code="a">INST</subfield>
   <subfield code="b">UNIPILB</subfield>
   <subfield code="c">SERIALS</subfield>
   <subfield code="e">20140304</subfield>
   <subfield code="h">Αλφαβητική σειρά</subfield>
   <subfield code="p">82234</subfield>
   <subfield code="q">82234</subfield>
   <subfield code="t">NOLOAN</subfield>
   <subfield code="v">vol.92;no.3:(Μήνας)March;(Έτος)2014</subfield>
   <subfield code="y">23</subfield>
  </datafield>
  <datafield tag="852" ind1=" " ind2=" ">
   <subfield code="a">INST</subfield>
   <subfield code="b">UNIPILB</subfield>
   <subfield code="c">SERIALS</subfield>
   <subfield code="e">20140331</subfield>
   <subfield code="h">Αλφαβητική σειρά</subfield>
   <subfield code="p">82641</subfield>
   <subfield code="q">82641</subfield>
   <subfield code="t">NOLOAN</subfield>
   <subfield code="v">vol.91;no.6:(Μήνας)June;(Έτος)2013</subfield>
   <subfield code="y">23</subfield>
  </datafield>
  <datafield tag="852" ind1=" " ind2=" ">
   <subfield code="a">INST</subfield>
   <subfield code="b">UNIPILB</subfield>
   <subfield code="c">SERIALS</subfield>
   <subfield code="e">20140411</subfield>
   <subfield code="h">Αλφαβητική σειρά</subfield>
   <subfield code="p">82846</subfield>
   <subfield code="q">82846</subfield>
   <subfield code="t">NOLOAN</subfield>
   <subfield code="v">vol.92;no.4:(Μήνας)April;(Έτος)2014</subfield>
   <subfield code="y">23</subfield>
  </datafield>
  <datafield tag="852" ind1=" " ind2=" ">
   <subfield code="a">INST</subfield>
   <subfield code="b">UNIPILB</subfield>
   <subfield code="c">SERIALS</subfield>
   <subfield code="e">20140515</subfield>
   <subfield code="h">Αλφαβητική σειρά</subfield>
   <subfield code="p">83157</subfield>
   <subfield code="q">83157</subfield>
   <subfield code="t">NOLOAN</subfield>
   <subfield code="v">vol.92;no.5:(Μήνας)May;(Έτος)2014</subfield>
   <subfield code="y">23</subfield>
  </datafield>
  <datafield tag="852" ind1=" " ind2=" ">
   <subfield code="a">INST</subfield>
   <subfield code="b">UNIPILB</subfield>
   <subfield code="c">SERIALS</subfield>
   <subfield code="e">20140620</subfield>
   <subfield code="h">Αλφαβητική σειρά</subfield>
   <subfield code="p">83730</subfield>
   <subfield code="q">83730</subfield>
   <subfield code="t">NOLOAN</subfield>
   <subfield code="v">vol.92;no.6:(Μήνας)June;(Έτος)2014</subfield>
   <subfield code="y">23</subfield>
  </datafield>
  <datafield tag="852" ind1=" " ind2=" ">
   <subfield code="a">INST</subfield>
   <subfield code="b">UNIPILB</subfield>
   <subfield code="c">SERIALS</subfield>
   <subfield code="e">20140718</subfield>
   <subfield code="h">Αλφαβητική σειρά</subfield>
   <subfield code="p">84346</subfield>
   <subfield code="q">84346</subfield>
   <subfield code="t">NOLOAN</subfield>
   <subfield code="v">vol.92;no.7-8:(Μήνες)Jul./Aug.;(Έτος)2014</subfield>
   <subfield code="y">23</subfield>
  </datafield>
  <datafield tag="900" ind1=" " ind2=" ">
   <subfield code="a">Vol. 92 no. 9-10 (August 2014)</subfield>
   <subfield code="b">Οφειλόμενο</subfield>
   <subfield code="c">13/06/2017</subfield>
  </datafield>
  <datafield tag="900" ind1=" " ind2=" ">
   <subfield code="a">Vol. 82 no. 1 (January 2004)</subfield>
   <subfield code="b">Οφειλόμενο</subfield>
   <subfield code="c">13/12/2004</subfield>
  </datafield>
  <datafield tag="900" ind1=" " ind2=" ">
   <subfield code="a">Vol. 82 no. 2 (February 2004)</subfield>
   <subfield code="b">Οφειλόμενο</subfield>
   <subfield code="c">28/11/2005</subfield>
  </datafield>
  <datafield tag="900" ind1=" " ind2=" ">
   <subfield code="a">Vol. 82 no. 3 (March 2004)</subfield>
   <subfield code="b">Οφειλόμενο</subfield>
   <subfield code="c">28/11/2005</subfield>
  </datafield>
  <datafield tag="900" ind1=" " ind2=" ">
   <subfield code="a">Vol. 82 no. 4 (April 2004)</subfield>
   <subfield code="b">Οφειλόμενο</subfield>
   <subfield code="c">28/11/2005</subfield>
  </datafield>
  <datafield tag="900" ind1=" " ind2=" ">
   <subfield code="a">Vol. 82 no. 5 (May 2004)</subfield>
   <subfield code="b">Οφειλόμενο</subfield>
   <subfield code="c">28/11/2005</subfield>
  </datafield>
  <datafield tag="900" ind1=" " ind2=" ">
   <subfield code="a">Vol. 82 no. 6 (June 2004)</subfield>
   <subfield code="b">Οφειλόμενο</subfield>
   <subfield code="c">28/11/2005</subfield>
  </datafield>
  <datafield tag="900" ind1=" " ind2=" ">
   <subfield code="a">Vol. 82 no. 7 (July 2004)</subfield>
   <subfield code="b">Οφειλόμενο</subfield>
   <subfield code="c">11/01/2006</subfield>
  </datafield>
  <datafield tag="900" ind1=" " ind2=" ">
   <subfield code="a">Vol. 82 no. 8 (August 2004)</subfield>
   <subfield code="b">Οφειλόμενο</subfield>
   <subfield code="c">08/02/2006</subfield>
  </datafield>
  <datafield tag="900" ind1=" " ind2=" ">
   <subfield code="a">Vol. 82 no. 9 (September 2004)</subfield>
   <subfield code="b">Οφειλόμενο</subfield>
   <subfield code="c">20/02/2006</subfield>
  </datafield>
  <datafield tag="900" ind1=" " ind2=" ">
   <subfield code="a">Vol. 82 no. 10 (October 2004)</subfield>
   <subfield code="b">Οφειλόμενο</subfield>
   <subfield code="c">23/03/2006</subfield>
  </datafield>
  <datafield tag="900" ind1=" " ind2=" ">
   <subfield code="a">Vol. 82 no. 11 (November 2004)</subfield>
   <subfield code="b">Οφειλόμενο</subfield>
   <subfield code="c">01/05/2006</subfield>
  </datafield>
  <datafield tag="900" ind1=" " ind2=" ">
   <subfield code="a">Vol. 82 no. 12 (December 2004)</subfield>
   <subfield code="b">Οφειλόμενο</subfield>
   <subfield code="c">22/05/2006</subfield>
  </datafield>
  <datafield tag="900" ind1=" " ind2=" ">
   <subfield code="a">Vol. 83 no. 6 (June 2005)</subfield>
   <subfield code="b">Οφειλόμενο</subfield>
   <subfield code="c">22/11/2006</subfield>
  </datafield>
  <datafield tag="900" ind1=" " ind2=" ">
   <subfield code="a">Vol. 83 no. 8 (August 2005)</subfield>
   <subfield code="b">Οφειλόμενο</subfield>
   <subfield code="c">21/01/2007</subfield>
  </datafield>
  <datafield tag="900" ind1=" " ind2=" ">
   <subfield code="a">Vol. 86 no. 1 (January 2008)</subfield>
   <subfield code="b">Οφειλόμενο</subfield>
   <subfield code="c">26/08/2008</subfield>
  </datafield>
  <datafield tag="900" ind1=" " ind2=" ">
   <subfield code="a">Vol. 86 no. 2 (February 2008)</subfield>
   <subfield code="b">Οφειλόμενο</subfield>
   <subfield code="c">26/11/2009</subfield>
  </datafield>
  <datafield tag="900" ind1=" " ind2=" ">
   <subfield code="a">Vol. 86 no. 3 (March 2008)</subfield>
   <subfield code="b">Οφειλόμενο</subfield>
   <subfield code="c">26/11/2009</subfield>
  </datafield>
  <datafield tag="900" ind1=" " ind2=" ">
   <subfield code="a">Vol. 86 no. 4 (April 2008)</subfield>
   <subfield code="b">Οφειλόμενο</subfield>
   <subfield code="c">26/11/2009</subfield>
  </datafield>
  <datafield tag="900" ind1=" " ind2=" ">
   <subfield code="a">Vol. 86 no. 5 (May 2008)</subfield>
   <subfield code="b">Οφειλόμενο</subfield>
   <subfield code="c">26/11/2009</subfield>
  </datafield>
  <datafield tag="900" ind1=" " ind2=" ">
   <subfield code="a">Vol. 86 no. 6 (June 2008)</subfield>
   <subfield code="b">Οφειλόμενο</subfield>
   <subfield code="c">26/11/2009</subfield>
  </datafield>
  <datafield tag="900" ind1=" " ind2=" ">
   <subfield code="a">Vol. 86 no. 7 (July 2008)</subfield>
   <subfield code="b">Οφειλόμενο</subfield>
   <subfield code="c">26/11/2009</subfield>
  </datafield>
  <datafield tag="900" ind1=" " ind2=" ">
   <subfield code="a">Vol. 86 no. 8 (August 2008)</subfield>
   <subfield code="b">Οφειλόμενο</subfield>
   <subfield code="c">26/11/2009</subfield>
  </datafield>
  <datafield tag="900" ind1=" " ind2=" ">
   <subfield code="a">Vol. 86 no. 9 (September 2008)</subfield>
   <subfield code="b">Οφειλόμενο</subfield>
   <subfield code="c">26/11/2009</subfield>
  </datafield>
  <datafield tag="900" ind1=" " ind2=" ">
   <subfield code="a">Vol. 86 no. 10 (October 2008)</subfield>
   <subfield code="b">Οφειλόμενο</subfield>
   <subfield code="c">26/11/2009</subfield>
  </datafield>
  <datafield tag="900" ind1=" " ind2=" ">
   <subfield code="a">Vol. 86 no. 11 (November 2008)</subfield>
   <subfield code="b">Οφειλόμενο</subfield>
   <subfield code="c">26/11/2009</subfield>
  </datafield>
  <datafield tag="900" ind1=" " ind2=" ">
   <subfield code="a">Vol. 86 no. 12 (December 2008)</subfield>
   <subfield code="b">Οφειλόμενο</subfield>
   <subfield code="c">26/11/2009</subfield>
  </datafield>
  <datafield tag="900" ind1=" " ind2=" ">
   <subfield code="a">Vol. 88 no. 1 (January 2010)</subfield>
   <subfield code="b">Οφειλόμενο</subfield>
   <subfield code="c">27/08/2010</subfield>
  </datafield>
  <datafield tag="900" ind1=" " ind2=" ">
   <subfield code="a">Vol. 88 no. 2 (February 2010)</subfield>
   <subfield code="b">Οφειλόμενο</subfield>
   <subfield code="c">27/08/2010</subfield>
  </datafield>
  <datafield tag="900" ind1=" " ind2=" ">
   <subfield code="a">Vol. 88 no. 3 (March 2010)</subfield>
   <subfield code="b">Οφειλόμενο</subfield>
   <subfield code="c">31/10/2010</subfield>
  </datafield>
  <datafield tag="900" ind1=" " ind2=" ">
   <subfield code="a">Vol. 88 no. 4 (April 2010)</subfield>
   <subfield code="b">Οφειλόμενο</subfield>
   <subfield code="c">01/12/2010</subfield>
  </datafield>
  <datafield tag="900" ind1=" " ind2=" ">
   <subfield code="a">Vol. 88 no. 5 (May 2010)</subfield>
   <subfield code="b">Οφειλόμενο</subfield>
   <subfield code="c">12/01/2011</subfield>
  </datafield>
  <datafield tag="900" ind1=" " ind2=" ">
   <subfield code="a">Vol. 88 no. 6 (June 2010)</subfield>
   <subfield code="b">Οφειλόμενο</subfield>
   <subfield code="c">08/02/2011</subfield>
  </datafield>
  <datafield tag="900" ind1=" " ind2=" ">
   <subfield code="a">Vol. 88 no. 8 (August 2010)</subfield>
   <subfield code="b">Οφειλόμενο</subfield>
   <subfield code="c">05/04/2011</subfield>
  </datafield>
  <datafield tag="900" ind1=" " ind2=" ">
   <subfield code="a">Vol. 89 no. 2 (February 2011)</subfield>
   <subfield code="b">Οφειλόμενο</subfield>
   <subfield code="c">28/08/2011</subfield>
  </datafield>
  <datafield tag="900" ind1=" " ind2=" ">
   <subfield code="a">Vol. 89 no. 8 (August 2011)</subfield>
   <subfield code="b">Οφειλόμενο</subfield>
   <subfield code="c">10/02/2012</subfield>
  </datafield>
  <datafield tag="900" ind1=" " ind2=" ">
   <subfield code="a">Vol. 90 no. 1/2 (Jan./Feb. 2012)</subfield>
   <subfield code="b">Οφειλόμενο</subfield>
   <subfield code="c">25/07/2012</subfield>
  </datafield>
  <datafield tag="900" ind1=" " ind2=" ">
   <subfield code="a">Vol. 90 no. 2 (February 2012)</subfield>
   <subfield code="b">Οφειλόμενο</subfield>
   <subfield code="c">21/08/2012</subfield>
  </datafield>
  <datafield tag="900" ind1=" " ind2=" ">
   <subfield code="a">Vol. 90 no. 8 (August 2012)</subfield>
   <subfield code="b">Οφειλόμενο</subfield>
   <subfield code="c">08/01/2013</subfield>
  </datafield>
  <datafield tag="900" ind1=" " ind2=" ">
   <subfield code="a">Vol. 91 no. 2 (February 2013)</subfield>
   <subfield code="b">Οφειλόμενο</subfield>
   <subfield code="c">28/05/2013</subfield>
  </datafield>
  <datafield tag="900" ind1=" " ind2=" ">
   <subfield code="a">Vol. 91 no. 7 (July 2013)</subfield>
   <subfield code="b">Οφειλόμενο</subfield>
   <subfield code="c">13/06/2017</subfield>
  </datafield>
  <datafield tag="900" ind1=" " ind2=" ">
   <subfield code="a">Vol. 91 no. 8 (August 2013)</subfield>
   <subfield code="b">Οφειλόμενο</subfield>
   <subfield code="c">13/06/2017</subfield>
  </datafield>
  <datafield tag="900" ind1=" " ind2=" ">
   <subfield code="a">Vol. 91 no. 9 (September 2013)</subfield>
   <subfield code="b">Οφειλόμενο</subfield>
   <subfield code="c">13/06/2017</subfield>
  </datafield>
  <datafield tag="950" ind1=" " ind2=" ">
   <subfield code="a">01/01/2003</subfield>
   <subfield code="c">ANACO Κ. ΑΝΑΓΝΩΣΤΟΥ Ε.Π.Ε., ΜΗΧΑΝΗΜΑΤΑ ΚΑΙ ΣΥΣΤΗΜΑΤΑ ΟΡΓΑΝΩΣΗΣ ΓΡΑΦΕΙΟΥ</subfield>
   <subfield code="d">51</subfield>
  </datafield>
  <datafield tag="951" ind1=" " ind2=" ">
   <subfield code="a">Vol. 92 no. 7-8  (Jul./Aug. 2014)</subfield>
   <subfield code="b">Main run</subfield>
  </datafield>
  <datafield tag="951" ind1=" " ind2=" ">
   <subfield code="a">Annual index and executive summaries  (December 2005)</subfield>
   <subfield code="b">Indexes</subfield>
  </datafield>
  <datafield tag="951" ind1=" " ind2=" ">
   <subfield code="a">Vol.48, no.3(May/June 1970) -  (v.51, no.6(Nov./Dec. 1973)</subfield>
   <subfield code="b">Main run</subfield>
  </datafield>
  <datafield tag="951" ind1=" " ind2=" ">
   <subfield code="a">Vol.54, no.2(March/April 1976) -  (v.65, no.2(Mar./Apr. 1987)</subfield>
   <subfield code="b">Main run</subfield>
  </datafield>
  <datafield tag="951" ind1=" " ind2=" ">
   <subfield code="a">Vol.67, no.1(Jan./Feb. 1989) -  (v.78, no.2(March/April 2000)</subfield>
   <subfield code="b">Main run</subfield>
  </datafield>
  <datafield tag="951" ind1=" " ind2=" ">
   <subfield code="a">Vol.80, no.1(Jan. 2002) -  (v.80, no.12(Dec. 2002)</subfield>
   <subfield code="b">Main run</subfield>
  </datafield>
  <datafield tag="951" ind1=" " ind2=" ">
   <subfield code="a">Vol. 81 no. 1 (January 2003) - Vol. 81 no. 12 (December 2003)</subfield>
   <subfield code="b">Main run</subfield>
  </datafield>
  <datafield tag="951" ind1=" " ind2=" ">
   <subfield code="a">Vol. 83 no. 1 (January 2005) - Vol. 83 no. 5 (May 2005)</subfield>
   <subfield code="b">Main run</subfield>
  </datafield>
  <datafield tag="951" ind1=" " ind2=" ">
   <subfield code="a">Vol. 83 no. 7  (July-August 2005)</subfield>
   <subfield code="b">Main run</subfield>
  </datafield>
  <datafield tag="951" ind1=" " ind2=" ">
   <subfield code="a">Vol. 83 no. 9 (September 2005) - Vol. 83 no. 12 (December 2005)</subfield>
   <subfield code="b">Main run</subfield>
  </datafield>
  <datafield tag="951" ind1=" " ind2=" ">
   <subfield code="a">Vol. 84 no. 1 (January 2006) - Vol. 84 no. 6 (June 2006)</subfield>
   <subfield code="b">Main run</subfield>
  </datafield>
  <datafield tag="951" ind1=" " ind2=" ">
   <subfield code="a">Vol. 84 no. 7/8  (July-August 2006)</subfield>
   <subfield code="b">Main run</subfield>
  </datafield>
  <datafield tag="951" ind1=" " ind2=" ">
   <subfield code="a">Vol. 84 no. 9 (September 2006) - Vol. 84 no. 12 (December 2006)</subfield>
   <subfield code="b">Main run</subfield>
  </datafield>
  <datafield tag="951" ind1=" " ind2=" ">
   <subfield code="a">Vol. 85 no. 1 (January 2007) - Vol. 85 no. 6 (June 2007)</subfield>
   <subfield code="b">Main run</subfield>
  </datafield>
  <datafield tag="951" ind1=" " ind2=" ">
   <subfield code="a">Vol. 85 no. 7/8  (July-August 2007)</subfield>
   <subfield code="b">Main run</subfield>
  </datafield>
  <datafield tag="951" ind1=" " ind2=" ">
   <subfield code="a">Vol. 85 no. 9 (September 2007) - Vol. 85 no. 12 (December 2007)</subfield>
   <subfield code="b">Main run</subfield>
  </datafield>
  <datafield tag="951" ind1=" " ind2=" ">
   <subfield code="a">Vol. 87 no. 1 (January 2009) - Vol. 87 no. 6 (June 2009)</subfield>
   <subfield code="b">Main run</subfield>
  </datafield>
  <datafield tag="951" ind1=" " ind2=" ">
   <subfield code="a">Vol. 87 no. 7/8  (July-August 2009)</subfield>
   <subfield code="b">Main run</subfield>
  </datafield>
  <datafield tag="951" ind1=" " ind2=" ">
   <subfield code="a">Vol. 87 no. 9 (September 2009) - Vol. 87 no. 12 (December 2009)</subfield>
   <subfield code="b">Main run</subfield>
  </datafield>
  <datafield tag="951" ind1=" " ind2=" ">
   <subfield code="a">Vol. 88 no. 7/8  (July-August 2010)</subfield>
   <subfield code="b">Main run</subfield>
  </datafield>
  <datafield tag="951" ind1=" " ind2=" ">
   <subfield code="a">Vol. 88 no. 9 (September 2010) - Vol. 88 no. 12 (December 2010)</subfield>
   <subfield code="b">Main run</subfield>
  </datafield>
  <datafield tag="951" ind1=" " ind2=" ">
   <subfield code="a">Vol. 89 no. 1/2  (Jan./Feb. 2011)</subfield>
   <subfield code="b">Main run</subfield>
  </datafield>
  <datafield tag="951" ind1=" " ind2=" ">
   <subfield code="a">Vol. 89 no. 3 (March 2011) - Vol. 89 no. 6 (June 2011)</subfield>
   <subfield code="b">Main run</subfield>
  </datafield>
  <datafield tag="951" ind1=" " ind2=" ">
   <subfield code="a">Vol. 89 no. 7/8  (July-August 2011)</subfield>
   <subfield code="b">Main run</subfield>
  </datafield>
  <datafield tag="951" ind1=" " ind2=" ">
   <subfield code="a">Vol. 89 no. 9 (September 2011) - Vol. 89 no. 12 (December 2011)</subfield>
   <subfield code="b">Main run</subfield>
  </datafield>
  <datafield tag="951" ind1=" " ind2=" ">
   <subfield code="a">Vol. 90 no. 3 (March 2012) - Vol. 90 no. 7 (July 2012)</subfield>
   <subfield code="b">Main run</subfield>
  </datafield>
  <datafield tag="951" ind1=" " ind2=" ">
   <subfield code="a">Vol. 90 no. 9 (September 2012) - Vol. 90 no. 12 (December 2012)</subfield>
   <subfield code="b">Main run</subfield>
  </datafield>
  <datafield tag="951" ind1=" " ind2=" ">
   <subfield code="a">Vol. 91 no. 1 (January 2013)</subfield>
   <subfield code="b">Main run</subfield>
  </datafield>
  <datafield tag="951" ind1=" " ind2=" ">
   <subfield code="a">Vol. 91 no. 3 (March 2013) - Vol. 91 no. 6 (June 2013)</subfield>
   <subfield code="b">Main run</subfield>
  </datafield>
  <datafield tag="951" ind1=" " ind2=" ">
   <subfield code="a">Vol. 91 no. 10 (October 2013) - Vol. 91 no. 12 (December 2013)</subfield>
   <subfield code="b">Main run</subfield>
  </datafield>
  <datafield tag="951" ind1=" " ind2=" ">
   <subfield code="a">Vol. 92 no. 1/2  (Jan./Feb. 2014)</subfield>
   <subfield code="b">Main run</subfield>
  </datafield>
  <datafield tag="951" ind1=" " ind2=" ">
   <subfield code="a">Vol. 92 no. 3 (March 2014) - Vol. 92 no. 6 (June 2014)</subfield>
   <subfield code="b">Main run</subfield>
  </datafield>
  <datafield tag="952" ind1=" " ind2=" ">
   <subfield code="a">1963-1969, 48(1-2)1970, 49(2)1971, 51(4)1973, 1974, 1975, 54(1)1976, 55(2)1977, 56(1-2)1978, 57(2-3)1979, 58(3)1980, 59(1-2)1981, 61(3)1983, 62(5)1984, 1986, 1987, 1988, 67(3-6)1989, 68(1)1990, 71(5)1993, 78(3-6)2000</subfield>
  </datafield>
 </record>
</collection>
